000 00692nam a2200205Ia 4500
001 5337
003 GE_BSU
008 181216s||||||||xx |||||||||||||| ||und||
040 _cGE_BSU
080 _a517
245 _aВысшая математика. Введение в анализ:Конспект лекций. 1-12. l. курс ll. семестр.
245 _bУчебное телевидение
245 _cПод. общ. ред. Н.Я.А.Виленкина
260 _aМосква
260 _c1966
300 _a74 с. 22см.
653 _aВысшая математика Введение в анализ
653 _aКонспект лекций
942 _cBK
999 _c38917
_d38917